<?xml version="1.0" encoding="UTF-8"?>
<record
    xmlns:xsi="http://www.w3.org/2001/XMLSchema-instance"
    xsi:schemaLocation="http://www.loc.gov/MARC21/slim http://www.loc.gov/standards/marcxml/schema/MARC21slim.xsd"
    xmlns="http://www.loc.gov/MARC21/slim">

  <leader>01876nam a2200205 a 4500</leader>
  <controlfield tag="008">180523s2005    ag  |||| |||| 000 f spa d</controlfield>
  <datafield tag="020" ind1=" " ind2=" ">
    <subfield code="a">9506440743</subfield>
  </datafield>
  <datafield tag="041" ind1=" " ind2=" ">
    <subfield code="a">spa</subfield>
  </datafield>
  <datafield tag="092" ind1=" " ind2=" ">
    <subfield code="c">808</subfield>
    <subfield code="l">32</subfield>
    <subfield code="s">HAW</subfield>
  </datafield>
  <datafield tag="100" ind1="1" ind2=" ">
    <subfield code="a">Hawks Twelve, John</subfield>
    <subfield code="9">3966</subfield>
  </datafield>
  <datafield tag="245" ind1=" " ind2="3">
    <subfield code="a">El viajero /</subfield>
    <subfield code="c">John Twelve Hawks</subfield>
  </datafield>
  <datafield tag="250" ind1=" " ind2=" ">
    <subfield code="a">1a ed.</subfield>
    <subfield code="b">Traducci&#xF3;n Fernando Gar&#xED; Puig</subfield>
  </datafield>
  <datafield tag="260" ind1=" " ind2=" ">
    <subfield code="a">Buenos Aires:</subfield>
    <subfield code="b">Plaza &amp; Jan&#xE9;s;</subfield>
    <subfield code="c">2005.</subfield>
  </datafield>
  <datafield tag="300" ind1=" " ind2=" ">
    <subfield code="a">464 p.</subfield>
    <subfield code="c">23x16cm</subfield>
  </datafield>
  <datafield tag="500" ind1=" " ind2=" ">
    <subfield code="a">Hawks Twelve, J. (2005). El viajero. (1a ed.). Buenos Aires : Plaza &amp; Jan&#xE9;s.</subfield>
  </datafield>
  <datafield tag="505" ind1=" " ind2=" ">
    <subfield code="a">Con veintis&#xE9;is a&#xF1;os, Maya ha decidido renunciar a las peligrosas obligaciones que desde peque&#xF1;a le ha impuesto su padre. Quiere llevar una "vida normal". Pero Mata pertenece a la casta de los arlequines, los guerreros que arriesgan sus vidas para proteger a los elegidos. Los hermanos Gabriel y Michael Corrigan viven en Los &#xC1;ngeles. Su padre fue viajero y les educ&#xF3; en sus convicciones y responsabilidades. Estos viajeros han marcado nuestra historia durante siglos. Los hermanos pueden haber heredado los dones de su progenitor y, como &#xE9;l, siempre han vivido fuera de la red, el sistema global de control de la sociedad. El padre de Maya, poco antes de morir, le pide que proteja a los hermanos Corrigan, a quienes buscan los tabulas, los brutales sicarios de la red. Para ellos, los viajeros son peligros&#xED;simos visionarios. Muy a su pesar, Maya acepta su misi&#xF3;n solitaria; se acerca una gran batalla, en la que no solo defiende a los hermanos viajeros, sino tambi&#xE9;n la libertad y la intimidad de todos los seres humanos... El viajero es un libro &#xFA;nico, que explora un mundo paralelo. El viajero es una aventura trepidante que nos acerca a un futuro no muy lejano. El viajero es una novela que obliga a pensar. </subfield>
  </datafield>
  <datafield tag="590" ind1=" " ind2=" ">
    <subfield code="a">Proyecto 4to libro, donaci&#xF3;n Victoria Lara. Mayo 2018</subfield>
  </datafield>
  <datafield tag="655" ind1=" " ind2=" ">
    <subfield code="a">Literatura</subfield>
    <subfield code="9">2917</subfield>
  </datafield>
  <datafield tag="942" ind1=" " ind2=" ">
    <subfield code="2">ddc</subfield>
    <subfield code="c">LIT</subfield>
  </datafield>
  <datafield tag="999" ind1=" " ind2=" ">
    <subfield code="c">2755</subfield>
    <subfield code="d">2755</subfield>
  </datafield>
  <datafield tag="952" ind1=" " ind2=" ">
    <subfield code="0">0</subfield>
    <subfield code="1">0</subfield>
    <subfield code="2">ddc</subfield>
    <subfield code="4">0</subfield>
    <subfield code="7">0</subfield>
    <subfield code="a">BFM</subfield>
    <subfield code="b">BFM</subfield>
    <subfield code="c">CR</subfield>
    <subfield code="d">2018-05-23</subfield>
    <subfield code="e">Donaci&#xF3;n Victoria Lara, mayo 2018</subfield>
    <subfield code="l">1</subfield>
    <subfield code="o">808 32 HAW</subfield>
    <subfield code="p">4318</subfield>
    <subfield code="r">2020-03-13</subfield>
    <subfield code="s">2019-12-20</subfield>
    <subfield code="t">Ej. 1</subfield>
    <subfield code="w">2018-05-23</subfield>
    <subfield code="y">LIT</subfield>
    <subfield code="z">Proyecto 4to libro. Donaci&#xF3;n Victoria Lara, mayo 2018</subfield>
  </datafield>
</record>
